000 00620nam a2200217Ia 4500
005 20241129104141.0
008 241129s9999||||xx |||||||||||||| ||und||
020 _a9780691235943
037 _aTextual
040 _aRTL
_beng
_cRTL
041 _aeng
_2eng
084 _aX:(B281) R2
_qRTL
100 _aHansen Bruce E
_9724997
245 0 _aProbability and statistics for economists
_cHansen Bruce E
260 _aPrinceton
_bPrinceton University Press
_c2022
300 _axxiii,385p.
365 _aINR
_b5416.45
650 _aEconomics
942 _cTB
_hX:(B281) R2
999 _c1224638
_d1224638